Detalles MARC
| 000 -LIDER |
| fixed length control field |
00979nam a22003137a 4500 |
| 003 - IDENTIFICACDOR DE NÚMERO DE CONTROL |
| control field |
DO-SdBNP |
| 005 - DATE AND TIME OF LATEST TRANSACTION |
| control field |
20230928090115.0 |
| 008 - ELEMENTOS DE LONGITUD FIJA |
| fixed length control field |
0607212007 sp ac spa |
| 017 ## - NÚMERO DE REGISTRO DE DERECHOS DE AUTOR |
| Copyright or legal deposit number |
|
| Assigning agency |
|
| 020 ## - ISBN |
| International Standard Book Number |
8498156521 |
| 035 ## - NÚMERO LOCAL |
| System control number |
|
| 040 ## - FUENTE DE CATALOGACIÓN |
| Agencia que crea de manera original el registro |
BPMSU |
| Idioma de catalogación |
spa |
| Agencia que realiza la transcripción |
BPMSU |
| Convenciones de la despripción |
|
| 082 #4 - NÚMERO DE CLASIFICACIÓN DECIMAL DE DEWEY |
| Classification number |
759.6 |
| Item number |
G724H 2007 |
| Edition number |
22 |
| 100 1# - ASIENTO PRINCIPAL -- NOMBRE PERSONAL |
| Nombre personal |
Hagen, Rose-Marie. |
| Fechas asociadas con el nombre |
1746-1828 |
| 245 10 - MENCIÓN DE TITULO |
| Título |
Francisco de Goya : |
| Subtítulo |
1746-1828 / |
| Mención de responsabilidad |
Rose Marie Hagen, Rainer Hagen ; traducción José García Aquisgrán |
| Medio (Designación general de material) |
|
| 246 14 - VARIACION DEL TÍTULO |
| Título propiamente dicho o título corto |
Goya |
| 260 ## - PUBLICACIÓN, DISTRIBUCIÓN, ETC. (PIE DE IMPRENTA) |
| Lugar de publicación, distribución, etc |
Barcelona : |
| Nombre del editor, distribuidor, etc. |
El País, |
| Fecha de publicación, distribución, etc |
2007 |
| Lugar de impresión |
|
| Impresor |
|
| 300 ## - DESCRIPCIÓN FÍSICA |
| Extensión |
96 p. : |
| Otros detalles físicos |
il., retrs ; |
| Dimensiones |
24 cm. |
| 504 ## - NOTA DE BIBLIOGRAFÍA, ETC. |
| Bibliography, etc |
Bibliográfica p: 96 |
| 590 ## - NOTA LOCAL |
| Enlace |
Inventariado, 2022/VM |
| 600 14 - ENCABEZAMIENTO DE MATERIA--NOMBRE PERSONAL |
| Nombre personal |
Goya, Francisco de |
| Fechas asociadas con el nombre |
1746-1828 |
| Subdivisión temática general |
Trabajos pictóricos |
| 650 #4 - ENCABEZAMIENTO DE MATERIA--TEMÁTICO |
| Término temático o nombre geográfico como elemento de entrada |
Pintura española |
| Subdivisión de forma |
Catálogos |
| Subdivisión temática general |
|
| 650 #4 - ENCABEZAMIENTO DE MATERIA--TEMÁTICO |
| Término temático o nombre geográfico como elemento de entrada |
Pintores españoles. |
| 700 1# - ASIENTO SECUNDARIO -- NOMBRE PERSONAL |
| Nombre personal |
Hagen, Rainer, |
| Fechas asociadas con el nombre |
1928-. |
| 700 1# - ASIENTO SECUNDARIO -- NOMBRE PERSONAL |
| Nombre personal |
García, José |
| Mención de responsabilidad |
tr. |
| 910 ## - VALIDACIÓN |
| Validación |
YLOCKWARD/VMateo V./Validado |
| 942 ## - ADDED ENTRY ELEMENTS (KOHA) |
| Source of classification or shelving scheme |
Dewey Decimal Classification |
| Koha item type |
Libros |
| 980 ## - EQUIVALENCE OR CROSS-REFERENCE-SERIES STATEMENT--PERSONAL NAME/TITLE [LOCAL, CANADA] |
| Personal name |
|
| -- |
|
| Numeration |
|
| Attribution qualifier |
|
| Titles and other words associated with a name |
|